000
00210 a2200097 4500
020
_a
9789992409954
041
_a
spa
100
_a
Carlos Jose Barrios Torres
245
_a
No hay Primero sin Segundo
942
_c
BK
999
_c
14682
_d
14682